000 00389cam a2200157ua 4500
020 _c7.60
041 _aeng
_h
082 _a823.308
_bFIE/JO
100 _aFielding , Hery .
245 _aJoseph Andrews /
_cHercy, Fielding.
_hTextual Documents
260 _aLondon :
_bJ M Dent and Sons Ltd ,
_c1962.
300 _a296 ; .
365 _a7.60
504 _a
999 _c11789
_d11789